<?xml version="1.0" encoding="UTF-8"?>
<record
    xmlns:xsi="http://www.w3.org/2001/XMLSchema-instance"
    xsi:schemaLocation="http://www.loc.gov/MARC21/slim http://www.loc.gov/standards/marcxml/schema/MARC21slim.xsd"
    xmlns="http://www.loc.gov/MARC21/slim">

  <leader>01854cam a2200409 i 4500</leader>
  <datafield tag="999" ind1=" " ind2=" ">
    <subfield code="c">7326</subfield>
    <subfield code="d">7326</subfield>
  </datafield>
  <controlfield tag="001">.b74867635</controlfield>
  <controlfield tag="003">OSt</controlfield>
  <controlfield tag="005">20210406121323.0</controlfield>
  <controlfield tag="008">210127e202010  spca|||  |||| 0|0 0 cat| </controlfield>
  <datafield tag="015" ind1=" " ind2=" ">
    <subfield code="a">LL2021</subfield>
    <subfield code="2">bnc</subfield>
  </datafield>
  <datafield tag="017" ind1=" " ind2=" ">
    <subfield code="a">DL B 19717-2020</subfield>
    <subfield code="b">Biblioteca de Catalunya</subfield>
  </datafield>
  <datafield tag="020" ind1=" " ind2=" ">
    <subfield code="a">9788429778908</subfield>
  </datafield>
  <datafield tag="040" ind1=" " ind2=" ">
    <subfield code="a">ES-BaMUH</subfield>
    <subfield code="b">cat</subfield>
    <subfield code="e">rda</subfield>
    <subfield code="c">ES-BaMUH</subfield>
    <subfield code="d">ES-BaBC</subfield>
  </datafield>
  <datafield tag="043" ind1=" " ind2=" ">
    <subfield code="a">e-sp---</subfield>
    <subfield code="b">e-spc--</subfield>
    <subfield code="2">catmarc</subfield>
  </datafield>
  <datafield tag="080" ind1=" " ind2=" ">
    <subfield code="a">616-036.22</subfield>
    <subfield code="x">(460.23</subfield>
    <subfield code="x">(091)</subfield>
    <subfield code="x">(084.12)</subfield>
    <subfield code="2">2004</subfield>
  </datafield>
  <datafield tag="080" ind1=" " ind2=" ">
    <subfield code="a">616.2-022</subfield>
    <subfield code="x">(460.23)</subfield>
    <subfield code="x">(084.12)</subfield>
    <subfield code="2">2004</subfield>
  </datafield>
  <datafield tag="080" ind1=" " ind2=" ">
    <subfield code="a">616-036.22</subfield>
    <subfield code="x">(460.23</subfield>
    <subfield code="x">"20"</subfield>
    <subfield code="x">(084.12)</subfield>
    <subfield code="2">2004</subfield>
  </datafield>
  <datafield tag="080" ind1=" " ind2=" ">
    <subfield code="a">614.4:351.77</subfield>
    <subfield code="x">(460.23)</subfield>
    <subfield code="x">"20"</subfield>
    <subfield code="x">(084.12)</subfield>
    <subfield code="2">2004</subfield>
  </datafield>
  <datafield tag="245" ind1="0" ind2="0">
    <subfield code="a">Dies que s&#xF3;n hist&#xF2;ria :</subfield>
    <subfield code="b">Catalunya confinada /</subfield>
    <subfield code="c">[coordinador:] Xavier Bertral ; pr&#xF2;leg de Xavier Antich ; fotograf&#xED;es de Xavier Bertral, David Airob, Samuel Aranda, C&#xE8;lia Atset, Cristina Calderer, Enric Fontcuberta, Ferran Nadeu, Santi Palacios, David Ramos, Anna Surinyach, Pere Virgili</subfield>
  </datafield>
  <datafield tag="246" ind1="0" ind2="3">
    <subfield code="a">Catalunya confinada </subfield>
  </datafield>
  <datafield tag="250" ind1=" " ind2=" ">
    <subfield code="a">Primera edici&#xF3;</subfield>
  </datafield>
  <datafield tag="264" ind1=" " ind2="1">
    <subfield code="a">Barcelona :</subfield>
    <subfield code="b">Edicions 62,</subfield>
    <subfield code="c">novembre del 2020</subfield>
  </datafield>
  <datafield tag="300" ind1=" " ind2=" ">
    <subfield code="a">154 p&#xE0;gines :</subfield>
    <subfield code="b">principalment il&#xB7;lustracions en color ;</subfield>
    <subfield code="c">24 x 25 cm</subfield>
  </datafield>
  <datafield tag="336" ind1=" " ind2=" ">
    <subfield code="a">text</subfield>
    <subfield code="b">txt</subfield>
    <subfield code="2">rdacontent</subfield>
  </datafield>
  <datafield tag="336" ind1=" " ind2=" ">
    <subfield code="a">imatge fixa</subfield>
    <subfield code="a">sti</subfield>
    <subfield code="a">2rdacontent</subfield>
  </datafield>
  <datafield tag="337" ind1=" " ind2=" ">
    <subfield code="a">sense mediaci&#xF3;</subfield>
    <subfield code="b">n</subfield>
    <subfield code="2">rdamedia</subfield>
  </datafield>
  <datafield tag="338" ind1=" " ind2=" ">
    <subfield code="a">volum</subfield>
    <subfield code="b">nc</subfield>
    <subfield code="2">rdacarrier</subfield>
  </datafield>
  <datafield tag="650" ind1=" " ind2="7">
    <subfield code="a">Epid&#xE8;mies</subfield>
    <subfield code="z">Catalunya</subfield>
    <subfield code="x">Hist&#xF2;ria</subfield>
    <subfield code="y">S. XXI</subfield>
    <subfield code="v">Llibres de l&#xE0;mines</subfield>
    <subfield code="2">lemac</subfield>
  </datafield>
  <datafield tag="650" ind1=" " ind2="7">
    <subfield code="a">COVID-19 (Malaltia)</subfield>
    <subfield code="z">Catalunya</subfield>
    <subfield code="v">Llibres de l&#xE0;mines</subfield>
    <subfield code="2">lemac</subfield>
  </datafield>
  <datafield tag="650" ind1=" " ind2="7">
    <subfield code="a">Confinament</subfield>
    <subfield code="z">Catalunya</subfield>
    <subfield code="x">Aspectes socials</subfield>
    <subfield code="v">Llibres de l&#xE0;mines</subfield>
    <subfield code="2">lemac</subfield>
  </datafield>
  <datafield tag="700" ind1="1" ind2=" ">
    <subfield code="a">Bertral, Xavier,</subfield>
    <subfield code="d">1970-</subfield>
    <subfield code="e">editor literari,</subfield>
    <subfield code="e">fot&#xF2;graf</subfield>
  </datafield>
  <datafield tag="700" ind1="1" ind2=" ">
    <subfield code="a">Antich, Xavier,</subfield>
    <subfield code="d">1962-</subfield>
    <subfield code="e">escriptor d'un pr&#xF2;leg</subfield>
  </datafield>
  <datafield tag="700" ind1="1" ind2=" ">
    <subfield code="a">Airob, David,</subfield>
    <subfield code="e">fot&#xF2;graf</subfield>
  </datafield>
  <datafield tag="907" ind1=" " ind2=" ">
    <subfield code="a">.b74867635</subfield>
    <subfield code="b">19-02-21</subfield>
    <subfield code="c">27-01-21</subfield>
    <subfield code="d">27-01-21</subfield>
    <subfield code="e">m</subfield>
    <subfield code="f">a  </subfield>
    <subfield code="g">-</subfield>
    <subfield code="h">cat</subfield>
    <subfield code="i">spc</subfield>
    <subfield code="j">0</subfield>
    <subfield code="k">0</subfield>
  </datafield>
  <datafield tag="940" ind1=" " ind2=" ">
    <subfield code="a">CVA2</subfield>
  </datafield>
  <datafield tag="942" ind1=" " ind2=" ">
    <subfield code="2">udc</subfield>
    <subfield code="c">MON</subfield>
  </datafield>
  <datafield tag="952" ind1=" " ind2=" ">
    <subfield code="0">0</subfield>
    <subfield code="1">0</subfield>
    <subfield code="4">0</subfield>
    <subfield code="7">0</subfield>
    <subfield code="a">CDMR</subfield>
    <subfield code="b">CDMR</subfield>
    <subfield code="d">2021-04-06</subfield>
    <subfield code="g">22.00</subfield>
    <subfield code="l">0</subfield>
    <subfield code="o">Fa 6/14</subfield>
    <subfield code="p">CDMR21040004</subfield>
    <subfield code="r">2021-04-06</subfield>
    <subfield code="w">2021-04-06</subfield>
    <subfield code="y">MON</subfield>
  </datafield>
</record>
